[Event "Maastricht Limburg op-C 5th"]
[Site "Maastricht"]
[Date "2011.06.11"]
[Round "2"]
[White "Klokgieters, Jeroen"]
[Black "Gulikers, Ruud"]
[Result "1/2-1/2"]
[WhiteElo "1150"]
[BlackElo "1631"]
[PlyCount "112"]
[EventDate "2011.06.10"]
[EventType "swiss"]
[EventRounds "7"]
[EventCountry "NED"]
[SourceTitle "EXT 2012"]
[Source "ChessBase"]
[SourceDate "2011.11.24"]
[SourceVersion "1"]
[SourceVersionDate "2011.11.24"]
[SourceQuality "1"]

1. e4 d5 2. exd5 Qxd5 3. Nc3 Qd6 4. Be2 Nf6 5. Nf3 a6 6. 0-0 Bg4 7. h3 h5 8. d3 Nc6 9. Be3 0-0-0 10. Ng5 Bxe2 11. Qxe2 Nd4 12. Bxd4 Qxd4 13. Nxf7 Rg8 14. Nxd8 Kxd8 15. Qe3 Qd6 16. a4 g5 17. Ne4 Nxe4 18. Qxe4 g4 19. hxg4 Rxg4 20. Qf5 Rf4 21. Qxh5 Rf6 22. d4 Rh6 23. Qe5 Qg6 24. Ra3 e6 25. Rg3 Qh7 26. Qg5+ Kd7 27. Rh3 Rxh3 28. gxh3 Qxh3 29. Qg2 Qh7 30. f4 c6 31. Re1 Qf5 32. Qe4 Qg4+ 33. Kf2 Be7 34. Ke3 b5 35. axb5 axb5 36. Kd2 Bb4+ 37. c3 Be7 38. b3 b4 39. c4 Qh3 40. d5 cxd5 41. cxd5 Qc3+ 42. Ke2 exd5 43. Qxd5+ Bd6 44. Qf7+ Kc6 45. Qc4+ Qxc4+ 46. bxc4 Bxf4 47. Kd3 Kc5 48. Rf1 Bg3 49. Rf5+ Kc6 50. Rb5 Be1 51. Kc2 Kc7 52. Kb3 Kc6 53. Rxb4 Bxb4 54. Kxb4 Kb6 55. c5+ Kc6 56. Kc4 Kc7 1/2-1/2